Представление документа в формате RUSMARC

ПолеНазваниеЗначение
  Тип записи a
  Библиографический уровень m
001 Контрольный номер RU/УГОНБ/EK/77205
005 Дата корректировки 20260324145837.7
010 Индекс ISBN __
a ISBN 5-8426-0235-0
d Цена 15 р.
9 Тираж 1000 экз.
b Уточнения в пер.
100 Данные общей обработки __
a Данные общей обработки 20010608d2000 u u0rusy0189 ca
101 Язык документа 0_
a Язык текста rus
105 Кодированные данные (монография) __
a Кодированные данные (монография) a z 001yy
200 Заглавие и сведения об ответственности 1_
a Заглавие Ульяновы и их современники
e Сведения, относящиеся к заглавию поиски, находки, исследования
f Первые сведения об ответственности Ж. А. Трофимов
210 Выходные данные 1_
a Место издания Ульяновск
c Издательство Симбирская книга
d Дата издания 2000
215 Физическое описание __
a Объем 320 с.
c Иллюстрации/тип воспроизводства ил., фот.
d Формат 16 см
320 Библиография __
a Библиография Указ. имен в конце кн.
600 Персоналии _1
a Персоналии (Фамилия) Ульяновы
607 Географические рубрики __
a Географическое наименование Симбирск, город
x Тематический подзаголовок История
610 Ключевые слова 0_
a Ключевые слова Симбирск история; история Симбирска; история семьи Ульяновых
686 Индексы других классификаций __
a Классификационный индекс 87.135.01
2 Код системы rubbk
686 Индексы других классификаций __
a Классификационный индекс 63.3(2)6-8
2 Код системы rubbk
700 Автор _1
a Фамилия Трофимов
b Имя (инициалы) Ж. А.
g Полное личное имя Жорес Александрович
801 Источник записи _0
a Страна RU
b Организация Ульяновская ОНБ
c Дата составления 20010608
g Правила каталогизации RCR
801 Источник записи _1
a Страна RU
b Организация Ульяновская ОНБ
c Дата составления 20031024
g Правила каталогизации RCR
901 Тип документа __
t Тип документа m
910 Корректоры записи __
a Корректор записи Седова
b Дата внесения изменения в запись 202060324